000 00468cam a2200181ua 4500
020 _c100.00
041 _aeng
_h
082 _a553.7
_bPOW/DE
100 _aPowers, Patrick J.
245 0 0 _aDewatering: Avoiding its unwanted side effects /
_cPatrich J Powers.
_hTextual Documents
250 _a1 /
_b.
260 _aJodhpur :
_bScientific Publishers ,
_c1987.
300 _a69 ; .
365 _a100.00
504 _a
942 _cBK
999 _c9785
_d9785